Quelle ville au Brésil ? - Statistiques

Statistiques générales
  • Ce quiz a été pris 27 fois
  • Le résultat moyen est 10 sur 20
Statistiques - réponses
Quelle ville brésilienne Lettre Ville % Correct
...est la capitale du pays depuis le 21 Avril 1960 B Brasilia
96%
...est la plus peuplée du pays et accueille la F1 dans un de ses quartiers S Sao Paulo
92%
...est connue pour son carnaval ainsi que sa statue du Christ Rédempteur R Rio de Janeiro
88%
...porte le nom d'un pays lui aussi situé en Amérique S Salvador
84%
...est implantée dans la forêt amazonienne M Manaus
80%
...fut fondée le jour de Noël, d'où son nom N Natal
68%
...à vu évoluer Pelé et Neymar Jr dans son club S Santos
68%
...serait la troisième ville la plus intelligente du monde d'après Forbes C Curitiba
64%
...est l'embouchure de l'estuaire des fleuves Tocantins et du Para B Belém
60%
...borde le nord-est du pays, et est un titre de chanson de Bernard Lavilliers F Fortaleza
60%
...accueille les touristes par le "monument de l'expédition" sur le Parc Farroupilha P Porto Alegre
60%
...abrite la maison de la culture de Pernambuco, ancienne prison devenue boutiques R Recife
56%
...se prononce Béhaga par les brésiliens et les locaux B Belo Horizonte
48%
... se trouve sur l'île de Santa Catarina et a le statut de capitale F Florianopolis
48%
...à connu un accident nucléaire en 1987 G Goiânia
24%
...fut nommée en l'honneur du gouverneur du Paraíba assassiné en 1930 J Joao Pessoa
16%
...tient son nom grâce à Thérèse-Christine des Deux-Siciles dont elle était princesse I Imperatriz
8%
...permet de visiter le monument Point 0 car elle se trouve sur la ligne de l'Équateur M Macapa
8%
...est entourée par 3 fleuves que l'on nomme le triangle mineiro U Uberlandia
8%
...possède un traité à son nom après la victoire du Brésil contre la Boliviepermettant de racheter le territoire de l'Acre P Petrópolis
4%
Aucun quiz correspondant
Distribution des résultats
% des personnes avec chaque résultat
Percentile par nombre de réponses
Votre historique - résultats
Vous n’avez pas pris ce quiz